000 01007nas a2200313 4500
001 BR2014006903
003 BR-BrBNA
005 20231205124659.0
007 ta
008 230509b bl.|||p| |||| 00| 00por d
040 _aBR-BrBNA
_bpor
_cBiblioteca Nacional de Agricultura
041 _a(Pt)
072 _aL53
100 1 _aKnapik, K.
100 1 _aKozicki, L.E.
100 1 _aSegui, M.S.
100 1 _aPereira, A.
100 1 _aBreda, J.C. dos S.
100 1 _aPimpão, C.T.
100 1 _aWeiss, R.R.
100 1 _aSantos, I.W. dos
245 1 _aDesempenho reprodutivo de bovinos de corte da raça Brangus e sua relação com os meses da estação de parturição no Sul brasileiro
650 _aGADO DE CORTE
650 _aPRENHEZ
650 _aREPRODUÇÃO ANIMAL
773 0 _tRevista Acadêmica. Ciências Agrárias e Ambientais (Brazil)
_xISSN 0103-989X
_g(Jul-Sep 2011), v. 9(3) p. 263-269
_wBR2014006903
909 _a202311
_bLúcia
_c55
_dLúcia Elande
942 _2AGRIS
_n0
_cANA
999 _c240355
_d240355